Normal view
MARC view
Entry Personal Name
001 - CONTROL NUMBER
- control field: 26513
003 - CONTROL NUMBER IDENTIFIER
- control field: Doon University
005 - DATE AND TIME OF LATEST TRANSACTION
- control field: 20260317155458.0
008 - FIXED-LENGTH DATA ELEMENTS
- fixed length control field: 260317|| aca||aabn | a|a d
040 ## - CATALOGING SOURCE
- Original cataloging agency: Doon University
- Transcribing agency: Doon University
100 ## - HEADING--PERSONAL NAME
- Personal name: Gurusubramanian G
670 ## - SOURCE DATA FOUND
- Source citation: Work cat.: (Doon University)60537: Kumar, B. Senthil 26510, Practical Microbiology, 2018